| 000 | 01018cab a2200181 4500 | ||
|---|---|---|---|
| 001 | ##l132685 | ||
| 008 | 060228n2006 000 0 eng u | ||
| 035 | _a(Sirsi) u132685 | ||
| 041 | 0 | _aeng | |
| 100 | 1 | _aCrates, Emma | |
| 245 | 0 | 2 | _aA mountain to climb |
| 260 | _c2006 | ||
| 490 | 0 |
_aConstruction News _v(6955) 23 February 2006, 48-49(2) |
|
| 520 | _aInterview with John Green, group director for health, safety and corporate responsibility at Alfred McAlpine, who argues that corporate safety goals are often wrongly separated from performance, with safety being sacrificed to productivity. Companies must make it clear that safety risks will be regarded in the same light as loss of productivity. Safety officers need to acquire a better understanding of the business, whilst those in charge of commercial operations require a better understanding of safety. | ||
| 590 | _aIKA280206 | ||
| 690 | _aMANAGEMENT-HEALTH AND SAFETY-HEALTH AND SAFETY RISK MANAGEMENT-HEALTH AND SAFETY RISK PLANNING | ||
| 942 | _n0 | ||
| 999 |
_c76556 _d76556 |
||